Datum a čas kvízu
31
Celkem bodů
Celkový počet nahraných bodů na tomto kvízu bez doplňovacích otázek.
7.
Pořadí na kvízu
Konečné umístění týmu na tomto kvízu.
Zaznamenané odpovědi
| # | Otázka | Odpověď | Body | Výsledky |
|---|---|---|---|---|
| 1. | Hnutí SPD zveřejnilo na sociál... | někteří členové rodiny mají 6 prstů | 1 | |
| 2. | Společnost Air Baltic spustila... | Kunda | 1 | |
| 3. | V pondělí vyvrcholil 30. roční... | v Maďarsku | 1 | |
| 4. | V pondělí prohlásila polská sp... | CZC.cz | 1 | |
| 5. | 21letá Andrea Klementová z Tře... | přeplavala kanál La Manche | 1 | |
| 6. | Na konci kterého amerického fi... | Hudbu složil, slova napsal (Music and Lyrics) | 0 | |
| 7. | Francouzská hudební komedie s... | Piti Piti Pa | 0 | |
| 8. | Animovaný hudební film Alvin a... | Simon a Theodor | 1 | |
| 9. | Horečka sobotní noci se pojí s... | Bee Gees | 0 | |
| 10. | Který hudební film s Karlem Go... | Hvězda padá vzhůru | 1 |